000 00778cam a2200337 4500
001 4385994
003 DO-SdBNP
005 20180125120127.0
007 4385994
008 081124s19uu sp a 000 f spa
015 _a
017 _a
_b
020 _a
035 _a
040 _aBPMSU
_bspa
_cBPMUS
_e
080 _a
080 _a
080 _a
100 1 _aCervantes Saavedra, Miguel de
_d1547-1616
245 1 3 _aLa gitanilla /
_cMiguel de Cervantes Saavedra
_h
260 _a[Madrid :
_b
_c190'?]
300 _a73 p. :
_b
_c22 cm.
600 1 7 _a
_d
_2
600 1 7 _a
_2
700 1 _a
_d
700 1 _a
901 _a
942 _2ddc
_cBK
945 _ainventariado, 2018 / dg
956 _a VMATEO
_210
_320160317
_6BPMSU
_800151
999 _c9284
_d9284